书目信息 |
| 题名: |
商务英语写作实例精解
|
|
| 作者: | 泰勒 , 泰勒Shirley Taylor 编著 ;张卫平 , 康成翠 译 | |
| 分册: | ||
| 出版信息: | 北京 外语教学与研究出版社 2007.09 |
|
| 页数: | 464页 | |
| 开本: | 25cm | |
| 丛书名: | ||
| 单 册: | ||
| 中图分类: | H315 | |
| 科图分类: | ||
| 主题词: | 商务--shang wu--英语--写作 | |
| 电子资源: | ||
| ISBN: | 978-7-5600-6866-4 | |
| 000 | 01238cam0 2200313 450 | |
| 001 | 1133178921 | |
| 005 | 20110830091326.06 | |
| 010 | @a978-7-5600-6866-4@dCNY44.90 | |
| 100 | @a20071108d2007 ekmy0chiy50 ea | |
| 101 | 1 | @achi@aeng@ceng |
| 102 | @aCN@b110000 | |
| 105 | @aak z 000yy | |
| 106 | @ar | |
| 200 | 1 | @a商务英语写作实例精解@AShang Wu Ying Yu Xie Zuo Shi Li Jing Jie@d= Model business letters, e-mails & other business documents@f(英) 泰勒Shirley Taylor编著@F(ying)tai le Shirley Taylor bian zhu@g张卫平, 康成翠译@zeng |
| 210 | @a北京@c外语教学与研究出版社@d2007.09 | |
| 215 | @a464页@c图@d25cm | |
| 305 | @a译自原书第6版 | |
| 314 | @a责任者Taylor规范汉译姓: 泰勒 | |
| 330 | @a本书不仅告诉你如何进行商务交流, 而且提供大量的实例, 本书是一部指导如何书写内容清晰、具有说服力的商务信函的无价宝典。 | |
| 500 | 10 | @aModel business letters e-mails and other business documents@mChinese |
| 586 | @a | |
| 606 | 0 | @a商务@Ashang wu@x英语@x写作 |
| 690 | @aH315@v5 | |
| 701 | 1 | @a泰勒@Atai le@g(Taylor, Shirley)@4编著 |
| 701 | 0 | @a泰勒Shirley Taylor@Atai le Shirley Taylor@4编著 |
| 702 | 0 | @a张卫平@Azhang wei ping@4译 |
| 702 | 0 | @a康成翠@Akang cheng cui@4译 |
| 801 | 0 | @aCN@c20110610 |
| 905 | @dH315@eT0821@f3 | |
| 商务英语写作实例精解= Model business letters, e-mails & other business documents/(英) 泰勒Shirley Taylor编著/张卫平, 康成翠译.-北京:外语教学与研究出版社,2007.09 |
| 464页:图;25cm |
| ISBN 978-7-5600-6866-4:CNY44.90 |
| 本书不仅告诉你如何进行商务交流, 而且提供大量的实例, 本书是一部指导如何书写内容清晰、具有说服力的商务信函的无价宝典。 |
| ● |
| 相关链接 |
|
|
|
正题名:商务英语写作实例精解
索取号:H315/T0821
 
预约/预借
| 序号 | 登录号 | 条形码 | 馆藏地/架位号 | 状态 | 备注 |
| 1 | 888963 | 208889639 | 语言库209/209语言库 37排7列4层/ [索取号:H315/T0821] | 在馆 | |
| 2 | 888964 | 208889648 | 语言库209/209语言库 37排7列4层/ [索取号:H315/T0821] | 在馆 | |
| 3 | 888965 | 208889657 | 语言库209/209语言库 37排7列4层/ [索取号:H315/T0821] | 在馆 |